MARC

LEADER 00000nam0a2200000 4500
001 375064
005 20241217143632.0
035 |a (RuTPU)RU\TPU\retro\32499 
035 |a RU\TPU\book\250912 
090 |a 375064 
100 |a 20221220d1947 k y0rusy50 ca 
101 0 |a rus 
102 |a RU 
105 |a a z 001zy 
200 1 |a Геологические исследования Северного Тимана  |f А. А. Чернов 
210 |a Москва  |c Изд-во Московского об-ва испытателей природы  |d 1947 
215 |a 96 с.  |c ил. 
225 1 |a Материалы к познанию геологического строения СССР, издаваемые Московским обществом испытателей природы 
225 1 |a Новая серия  |v Вып. 6(10) 
317 |5 63413507: КР-123  |a Поступила в НТБ в составе книжного собрания профессора ТПИ К. В. Радугина 4.11.2004 г. 
320 |a Библиогр.: с. 93-94. 
606 |a Геология  |y Северо-Восток Европейской части России  |2 stltpush  |3 (RuTPU)RU\TPU\subj\72108  |9 85695 
610 1 |a геологические изыскания 
610 1 |a геологические исследования 
610 1 |a геологические экспедиции 
610 1 |a полевые исследования 
610 1 |a Северо-Восток России 
610 1 |a сланцы 
610 1 |a базальтовые породы 
610 1 |a полезные ископаемые 
610 1 |a барит 
610 1 |a уголь 
610 1 |a соляные источники 
610 1 |a библиотека К. В. Радугина 
675 |a 55(470.1)  |v 3 
700 1 |a Чернов  |b А. А.  |c российский геолог  |f 1877-1963  |g Александр Александрович  |2 stltpush  |3 (RuTPU)RU\TPU\pers\11464  |9 2658 
801 1 |a RU  |b 63413507  |c 20130118 
801 2 |a RU  |b 63413507  |c 20221220  |g RCR 
942 |c BK